Giáo trình kỹ thuật điều khiển động cơ điện

Gồm các nội dung: Khái quát về hệ truyền động điện; Các bộ biến đổi; Các phần tử điều khiển; Đặc tính cơ bản của động cơ điện; Các mạch điều khiển động cơ điện thường gặp....

Celý popis

Uloženo v:
Podrobná bibliografie
Hlavní autor: Vũ, Quang Hồi
Médium: Kniha
Jazyk:Undetermined
Vydáno: H. Giáo dục 2009
Témata:
On-line přístup:http://lrc.tdmu.edu.vn/opac/search/detail.asp?aID=2&ID=7700
Tagy: Přidat tag
Žádné tagy, Buďte první, kdo otaguje tento záznam!
Thư viện lưu trữ: Trung tâm Học liệu Trường Đại học Thủ Dầu Một
LEADER 00965nam a2200205Ia 4500
001 TDMU_7700
008 210410s9999 xx 000 0 und d
082 |a 621.46071 
090 |b V500 
100 |a Vũ, Quang Hồi 
245 0 |a Giáo trình kỹ thuật điều khiển động cơ điện 
245 0 |c Vũ Quang Hồi 
260 |a H. 
260 |b Giáo dục 
260 |c 2009 
300 |a 151 tr. 
520 |a Gồm các nội dung: Khái quát về hệ truyền động điện; Các bộ biến đổi; Các phần tử điều khiển; Đặc tính cơ bản của động cơ điện; Các mạch điều khiển động cơ điện thường gặp. 
650 |a Động cơ điện  |x Kỹ thuật điều khiển 
856 |u http://lrc.tdmu.edu.vn/opac/search/detail.asp?aID=2&ID=7700 
980 |a Trung tâm Học liệu Trường Đại học Thủ Dầu Một